[Event "Grand Chess Tour 2016"]
[Site "Parigi"]
[Date "12.06.2016"]
[Round "12B"]
[White "Fressinet,L"]
[Black "Kramnik,V"]
[Result "1-0"]
[WhiteElo "2687"]
[BlackElo "2812"]
[EventDate "2016.06.08"]

1. e4 e5 2. Nf3 Nc6 3. Bb5 Nf6 4. d3 d6 5. O-O Bd7 6. Re1 g6 7. c3 Bg7 8.
Bg5 h6 9. Bh4 O-O 10. Nbd2 Qe8 11. Nf1 Ne7 12. Bc4 Kh8 13. Ne3 Ng4 14. d4
Nxe3 15. Rxe3 f6 16. Re1 Rd8 17. a4 Bc6 18. Qb3 Rb8 19. Be6 a5 20. Nd2 f5
21. d5 g5 22. Bxg5 hxg5 23. dxc6 bxc6 24. Qd1 Qg6 25. Bb3 d5 26. exf5 Nxf5
27. Rb1 e4 28. Nf1 g4 29. Bc2 Rbd8 30. Qe2 c5 31. Bd1 c4 32. Qxg4 Qf7 33.
Qh3+ Nh6 34. f3 Rde8 35. Ng3 Re5 36. Bc2 Rg5 37. Rf1 e3 38. f4 Rg4 39. Nf5
e2 40. Nxh6 exf1=Q+ 41. Rxf1 Bxh6 42. Qxg4 Qf6 43. Qd7 Rf7 44. Qxd5 Bxf4
45. Kh1 Qh6 46. g3 Bxg3 47. Qd4+ Kg8 48. Qg4+ Qg7 49. Qxg7+ 1-0

[Event "Grand Chess Tour 2016"]
[Site "Parigi"]
[Date "12.06.2016"]
[Round "12B"]
[White "Topalov,V"]
[Black "Giri,A"]
[Result "1-0"]
[WhiteElo "2761"]
[BlackElo "2782"]
[EventDate "2016.06.08"]

1. c4 g6 2. g3 Bg7 3. Bg2 c5 4. Nc3 Nc6 5. a3 e6 6. Rb1 Nge7 7. b4 d6 8.
Nf3 O-O 9. O-O b6 10. bxc5 bxc5 11. Bb2 Rb8 12. Ba1 Rxb1 13. Qxb1 Ba6 14.
d3 Qa5 15. Ne4 Rb8 16. Qc1 Nf5 17. Nf6+ Kh8 18. Ng5 Nd8 19. Ngxh7 e5 20. f4
Ne6 21. fxe5 Ned4 22. Bxd4 Nxd4 23. Qg5 dxe5 24. Qh4 1-0

[Event "Grand Chess Tour 2016"]
[Site "Parigi"]
[Date "12.06.2016"]
[Round "13B"]
[White "Topalov,V"]
[Black "So,W"]
[Result "1/2-1/2"]
[WhiteElo "2761"]
[BlackElo "2770"]
[EventDate "2016.06.08"]

1. c4 c5 2. Nf3 Nf6 3. g3 g6 4. d4 cxd4 5. Nxd4 Bg7 6. Bg2 O-O 7. Nc2 Nc6
8. Nc3 d6 9. O-O Be6 10. Ne3 Nd7 11. Bd2 Rc8 12. b3 Nf6 13. Rc1 Qd7 14.
Ncd5 Bh3 15. Bxh3 Qxh3 16. Bc3 Nxd5 17. Nxd5 Qd7 18. Bxg7 Kxg7 19. Qd2 e6
20. Qb2+ f6 21. Nf4 Kf7 22. Rfd1 Qe7 23. Rd2 Rfd8 24. Rcd1 a6 25. Qa3 g5
26. Ng2 d5 27. Qb2 dxc4 28. bxc4 Rxd2 29. Rxd2 Ne5 30. Qc2 Kg7 31. Ne3 b5
32. Qe4 bxc4 33. f4 c3 34. Rc2 gxf4 35. gxf4 Ng6 36. f5 Ne5 37. Qd4 Kh8 38.
Rxc3 Rg8+ 39. Kf1 Qg7 40. Ke1 Qg1+ 41. Kd2 Qf2 42. Qd6 Nf3+ 43. Kd3 Ne5+
44. Kd2 Nf3+ 45. Kd3 Ne5+ 46. Kd2 1/2-1/2

[Event "Grand Chess Tour 2016"]
[Site "Parigi"]
[Date "12.06.2016"]
[Round "13B"]
[White "Giri,A"]
[Black "Fressinet,L"]
[Result "1-0"]
[WhiteElo "2782"]
[BlackElo "2687"]
[EventDate "2016.06.08"]

1. e4 e5 2. Nf3 Nc6 3. d4 exd4 4. Nxd4 Bc5 5. Nb3 Bb6 6. Nc3 Nf6 7. Bg5 h6
8. Bh4 Qe7 9. Bd3 g5 10. Bg3 d5 11. Qe2 dxe4 12. Nxe4 Nxe4 13. Bxe4 Bd7 14.
O-O-O O-O-O 15. Rhe1 Qf6 16. f3 Rhe8 17. Kb1 Bf5 18. Bxf5+ Qxf5 19. Qxe8
1-0

[Event "Grand Chess Tour 2016"]
[Site "Parigi"]
[Date "12.06.2016"]
[Round "14B"]
[White "Caruana,F"]
[Black "Aronian,L"]
[Result "0-1"]
[WhiteElo "2804"]
[BlackElo "2792"]
[EventDate "2016.06.08"]

1. e4 e5 2. Nf3 Nc6 3. Bc4 Bc5 4. O-O Nf6 5. d3 O-O 6. Re1 h6 7. c3 d6 8.
a4 a6 9. Na3 Ba7 10. Nc2 Ne7 11. h3 Ng6 12. a5 Re8 13. Be3 Be6 14. Bxe6
Rxe6 15. Bxa7 Rxa7 16. Ne3 Qd7 17. Qb3 Re8 18. Rad1 Qe6 19. Qb4 Ne7 20. Qa4
Raa8 21. Qc2 Ng6 22. Nf5 d5 23. g3 Rad8 24. Kg2 Qc6 25. Nd2 Rd7 26. c4 Red8
27. f3 Ne7 28. Ne3 dxe4 29. Nxe4 Nxe4 30. dxe4 Qc5 31. Rxd7 Rxd7 32. Qc3
Nc6 33. Nd5 Qxa5 34. Rd1 Qxc3 35. bxc3 Kf8 36. Kf2 Na5 37. Rb1 c6 38. Nb6
Rd3 39. c5 Rxc3 40. Rd1 Ke8 41. Rd7 Rxc5 42. Rc7 Rb5 43. Na8 Nc4 44. f4 Nd6
45. fxe5 Rxe5 46. Kf3 Re7 0-1

[Event "Grand Chess Tour 2016"]
[Site "Parigi"]
[Date "12.06.2016"]
[Round "14B"]
[White "Fressinet,L"]
[Black "Topalov,V"]
[Result "1/2-1/2"]
[WhiteElo "2687"]
[BlackElo "2761"]
[EventDate "2016.06.08"]

1. Nf3 d5 2. g3 g6 3. Bg2 Bg7 4. d4 Nh6 5. O-O Nf5 6. c3 c6 7. Nbd2 Nd6 8.
Ne5 Nd7 9. Nd3 Nf6 10. b3 O-O 11. Bb2 Bf5 12. Ne5 Rc8 13. c4 Nfe4 14. Rc1
Qa5 15. Nxe4 Bxe4 16. Bc3 Qd8 17. f3 Bf5 18. c5 Nb5 19. Bb2 Nc7 20. Qd2 Re8
21. g4 Be6 22. Nd3 f6 23. e3 Qd7 24. h3 h6 25. Rce1 Bf7 26. f4 f5 27. Bf3
Kh7 28. Kh2 Be6 29. Rg1 Rg8 30. Qg2 Bf6 31. g5 Bg7 32. gxh6 Bxh6 33. Ne5
Qe8 34. Qg3 Qf8 35. Rg2 Qf6 36. Reg1 g5 37. fxg5 Rxg5 38. Qf2 Rcg8 39. Bc1
Ne8 40. Bd2 Rxg2+ 41. Rxg2 Rxg2+ 42. Qxg2 Ng7 43. Be2 Bf7 44. Bd3 Bh5 45.
b4 a6 46. a4 Be8 47. b5 cxb5 48. axb5 Bxb5 49. Bxb5 axb5 50. Qxd5 Qh4 51.
Qg2 Qh5 52. Qxb7 b4 53. Qg2 b3 54. Bc1 Qd1 55. Qg6+ Kg8 56. Qf7+ Kh7 57.
Qg6+ Kg8 58. Qf7+ Kh7 59. Qg6+ 1/2-1/2

[Event "Grand Chess Tour 2016"]
[Site "Parigi"]
[Date "12.06.2016"]
[Round "15B"]
[White "Fressinet,L"]
[Black "So,W"]
[Result "1/2-1/2"]
[WhiteElo "2687"]
[BlackElo "2770"]
[EventDate "2016.06.08"]

1. Nf3 d5 2. g3 g6 3. Bg2 Bg7 4. d4 Nf6 5. O-O O-O 6. c4 c6 7. b3 dxc4 8.
bxc4 c5 9. Bb2 Qb6 10. Qb3 cxd4 11. Bxd4 Qxb3 12. axb3 Nc6 13. Nc3 Bg4 14.
e3 Rfd8 15. Ne5 Nxd4 16. exd4 Bc8 17. Rfd1 Ng4 18. Nd5 Kf8 19. Nb6 Rb8 20.
Nxc8 Bxe5 21. dxe5 Rxd1+ 22. Rxd1 Rxc8 23. Bh3 h5 24. f3 Ne3 25. Bxc8 Nxd1
26. Bxb7 f6 27. exf6 exf6 28. Kf1 Nc3 29. h4 Na2 30. Ke2 Nc1+ 31. Kd2 Nxb3+
32. Kc3 Nc5 33. Bd5 a5 34. Bc6 Ke7 35. Bb5 g5 36. Bc6 gxh4 37. gxh4 f5 38.
Bd5 Kf6 39. f4 Ne6 40. Bf3 Nxf4 41. Kb3 Ng6 42. Bxh5 Nxh4 43. Ka4 1/2-1/2

[Event "Grand Chess Tour 2016"]
[Site "Parigi"]
[Date "12.06.2016"]
[Round "15B"]
[White "Kramnik,V"]
[Black "Caruana,F"]
[Result "0-1"]
[WhiteElo "2812"]
[BlackElo "2804"]
[EventDate "2016.06.08"]

1. Nf3 Nf6 2. g3 b5 3. e3 a6 4. b3 Bb7 5. c4 b4 6. Bg2 e6 7. O-O Be7 8. d4
O-O 9. Bb2 d6 10. Nbd2 Nbd7 11. Qe2 c5 12. Rfd1 Qc7 13. Ne1 a5 14. a4 bxa3
15. Rxa3 d5 16. Ra2 cxd4 17. Bxd4 e5 18. Ba1 e4 19. cxd5 Bxd5 20. Nc2 a4
21. Nd4 a3 22. Nf5 Ne5 23. Nxe7+ Qxe7 24. Nc4 Nxc4 25. bxc4 Bc6 26. Bd4
Rfb8 27. Rda1 Rb3 28. h3 h5 29. Kh2 h4 30. Qc2 hxg3+ 31. fxg3 Qb4 32. Bc5
Qb8 33. Rxa3 Raxa3 34. Rxa3 Rb2 35. Qd1 Rf2 36. Rb3 Qe5 37. Qd6 Qf5 38. Qd1
Qf3 39. Qg1 Bd7 40. Rb8+ Kh7 41. Bd6 Bxh3 42. Qxf2 Ng4+ 43. Kxh3 Nxf2+ 44.
Kh2 Ng4+ 45. Kh3 Qf5 46. Rb5 Qe6 47. Kh4 Nxe3 48. Rh5+ Kg8 49. Bf4 Nxg2+
0-1

[Event "Grand Chess Tour 2016"]
[Site "Parigi"]
[Date "12.06.2016"]
[Round "16B"]
[White "So,W"]
[Black "Aronian,L"]
[Result "1/2-1/2"]
[WhiteElo "2770"]
[BlackElo "2792"]
[EventDate "2016.06.08"]

1. e4 e5 2. Nf3 Nc6 3. Bb5 Nf6 4. O-O Nxe4 5. Re1 Nd6 6. Nxe5 Be7 7. Bf1
Nxe5 8. Rxe5 O-O 9. Nc3 Ne8 10. Nd5 Bd6 11. Re1 c6 12. Ne3 Be7 13. c4 Nc7
14. d4 d5 15. cxd5 Bb4 16. Bd2 Bxd2 17. Qxd2 Nxd5 18. Nxd5 Qxd5 19. Re5 Qd6
20. Bc4 Bd7 21. Rae1 b5 22. Bb3 a5 23. a4 Rad8 24. axb5 cxb5 25. Qxa5 Qxd4
26. Qc3 Qxc3 27. bxc3 Rc8 28. R5e3 Rfd8 29. Rf3 Be6 30. Bxe6 fxe6 31. h3
Rd6 32. Ra1 Rdc6 33. Ra7 R6c7 34. Ra5 1/2-1/2

[Event "Grand Chess Tour 2016"]
[Site "Parigi"]
[Date "12.06.2016"]
[Round "16B"]
[White "Caruana,F"]
[Black "Giri,A"]
[Result "0-1"]
[WhiteElo "2804"]
[BlackElo "2782"]
[EventDate "2016.06.08"]

1. Nf3 c5 2. e4 d6 3. d4 cxd4 4. Nxd4 Nf6 5. Nc3 a6 6. f3 e5 7. Nb3 Be6 8.
Be3 h5 9. Qd2 Nbd7 10. Nd5 Bxd5 11. exd5 g6 12. Be2 Bg7 13. O-O b6 14. a4
O-O 15. c3 Nh7 16. a5 b5 17. Nc1 Bf6 18. Nd3 Bg5 19. Nb4 f5 20. Nc6 Qf6 21.
b4 Bxe3+ 22. Qxe3 h4 23. c4 bxc4 24. Bxc4 h3 25. g3 f4 26. Qe2 Ng5 27. Kh1
Rae8 28. Qb2 fxg3 29. hxg3 Qf5 30. b5 axb5 31. Be2 Ne4 32. Rg1 Nf2+ 33. Kh2
e4 34. Rgf1 Nf6 35. Nd4 Qe5 36. Qd2 exf3 37. Bxf3 N6g4+ 38. Bxg4 Nxg4+ 39.
Kh1 Qe4+ 0-1

[Event "Grand Chess Tour 2016"]
[Site "Parigi"]
[Date "12.06.2016"]
[Round "17B"]
[White "Topalov,V"]
[Black "Caruana,F"]
[Result "0-1"]
[WhiteElo "2761"]
[BlackElo "2804"]
[EventDate "2016.06.08"]

1. c4 e6 2. Nf3 d5 3. b3 d4 4. g3 c5 5. Bg2 Nc6 6. O-O e5 7. d3 Be7 8. e3
Nf6 9. exd4 cxd4 10. Re1 Nd7 11. Na3 O-O 12. Nc2 a5 13. Rb1 Re8 14. a3 f6
15. b4 axb4 16. axb4 Nb6 17. b5 Nb8 18. Nh4 N8d7 19. Bd2 Nc5 20. Bb4 Nba4
21. Bd5+ Be6 22. Qf3 Bxd5 23. cxd5 Bf8 24. Nf5 g6 25. Nh4 Rc8 26. Ra1 Nb6
27. Ba5 Nb3 28. Bxb6 Qxb6 29. Ra2 Kf7 30. Na3 Bxa3 31. Rxa3 Rc3 32. d6 Qxd6
33. Qxb7+ Re7 34. Qa6 Qd5 35. b6 Nd2 36. Ra5 Qc6 37. Rb5 Rc1 38. Qa2+ Kg7
39. Qxd2 Rxe1+ 40. Qxe1 Qxb5 0-1

[Event "Grand Chess Tour 2016"]
[Site "Parigi"]
[Date "12.06.2016"]
[Round "17B"]
[White "Kramnik,V"]
[Black "Aronian,L"]
[Result "1/2-1/2"]
[WhiteElo "2812"]
[BlackElo "2792"]
[EventDate "2016.06.08"]

1. Nf3 d5 2. g3 Nf6 3. Bg2 e6 4. O-O Be7 5. c4 O-O 6. d4 dxc4 7. Ne5 Nc6 8.
Bxc6 bxc6 9. Nxc6 Qe8 10. Nxe7+ Qxe7 11. Qa4 e5 12. dxe5 Qxe5 13. Qxc4 Be6
14. Qd3 Rad8 15. Qe3 Qa5 16. Qa3 Qh5 17. f3 Rfe8 18. Nc3 Bc4 19. Rf2 h6 20.
Bf4 Nd5 21. Nxd5 Qxd5 22. Re1 Bxa2 23. Qxa7 c6 24. e4 Qe6 25. Kg2 Bc4 26.
Qc5 Bb5 27. h4 Rd3 28. g4 Red8 29. h5 Rd1 30. Rxd1 Rxd1 31. g5 hxg5 32.
Qxg5 Bc4 33. Kh2 f6 34. Qg6 Qf7 35. Rc2 Bb5 36. Rg2 Qxg6 37. hxg6 c5 38.
Rc2 Be8 39. Rxc5 Bxg6 40. b4 Rb1 41. Bd2 Rb2 42. Rd5 Bf7 43. Rd8+ Kh7 44.
Kg3 Rb3 45. Kg4 Be6+ 46. Kf4 g5+ 47. Kg3 g4 48. Rd6 Rxf3+ 49. Kg2 Bc4 50.
Rd4 Bf1+ 51. Kg1 g3 52. e5 fxe5 53. Rh4+ Kg6 54. Be1 Kg5 55. Rh7 Bd3 56.
Rg7+ Kf4 57. Kg2 Bf1+ 58. Kg1 Bc4 59. Kg2 Bd5 60. Bd2+ Kf5 61. Rf7+ Kg4 62.
Rxf3 Bxf3+ 63. Kg1 Be2 64. Kg2 Bf3+ 65. Kg1 Bc6 66. Be3 Kf3 67. Bc5 Bb5 68.
Bd6 e4 69. Bc5 e3 70. Bd4 Bc6 71. Be5 Bb5 72. Bd4 Ke4 73. Bc3 Kf3 74. Be5
Bc4 75. Bd4 Bb5 76. Be5 g2 1/2-1/2

[Event "Grand Chess Tour 2016"]
[Site "Parigi"]
[Date "12.06.2016"]
[Round "18B"]
[White "So,W"]
[Black "Kramnik,V"]
[Result "1-0"]
[WhiteElo "2770"]
[BlackElo "2812"]
[EventDate "2016.06.08"]

1. e4 e5 2. Nf3 Nc6 3. Bb5 Nf6 4. O-O Nxe4 5. Re1 Nd6 6. Nxe5 Be7 7. Bf1
Nf5 8. c3 Nxe5 9. Rxe5 d6 10. Re1 O-O 11. d4 d5 12. Bf4 c6 13. Bd3 Bd6 14.
Qf3 Bxf4 15. Qxf4 Qd6 16. Qf3 g6 17. Nd2 Bd7 18. Re2 Ng7 19. Rae1 Rae8 20.
Rxe8 Rxe8 21. Rxe8+ Nxe8 22. Qe3 f6 23. Nf3 Ng7 24. Kf1 g5 25. h3 h6 26.
Ng1 Kf7 27. Ne2 h5 28. Kg1 h4 29. Bc2 Bf5 30. Bxf5 Nxf5 31. Qd3 Qe6 32. Kf1
Qe4 33. Nc1 Nd6 34. f3 Qxd3+ 35. Nxd3 Ke6 36. Ke2 Kf5 37. b3 a5 38. Nc5 Kf4
39. Kf2 b6 40. Nd3+ Kf5 41. a4 b5 42. Nc5 bxa4 43. Nxa4 Kf4 44. Nc5 Nb5 45.
Na4 f5 46. Nc5 g4 47. Ne6+ 1-0

[Event "Grand Chess Tour 2016"]
[Site "Parigi"]
[Date "12.06.2016"]
[Round "18B"]
[White "Caruana,F"]
[Black "Fressinet,L"]
[Result "1-0"]
[WhiteElo "2804"]
[BlackElo "2687"]
[EventDate "2016.06.08"]

1. b3 g6 2. Bb2 Nf6 3. g3 Bg7 4. Bg2 c5 5. c4 d6 6. Nh3 Nc6 7. O-O O-O 8.
d3 Bd7 9. Nd2 e5 10. Ng5 Rb8 11. e3 Qe7 12. Nge4 Ng4 13. Nc3 f5 14. Nd5 Qf7
15. h3 Nf6 16. a3 Kh8 17. b4 b6 18. b5 Ne7 19. Nxf6 Bxf6 20. a4 d5 21. cxd5
Nxd5 22. Nc4 Qe6 23. e4 Nb4 24. exf5 Qxf5 25. g4 Qxd3 26. Nxe5 Qxd1 27.
Raxd1 Be6 28. Rd6 Rbe8 29. f4 Bg7 30. Bc6 Nxc6 31. bxc6 Bc8 32. Re1 Kg8 33.
Kg2 Rxf4 34. Nxg6 Rxe1 35. Nxf4 Kf7 36. Bxg7 Kxg7 37. Rd8 Ba6 38. Rd7+ Kf6
39. Rxa7 Bc8 40. Nd5+ Kg5 41. Nxb6 Be6 42. c7 c4 43. c8=Q Bxc8 44. Nxc8 1-0

[Event "Grand Chess Tour 2016"]
[Site "Parigi"]
[Date "12.06.2016"]
[Round "18B"]
[White "Aronian,L"]
[Black "Giri,A"]
[Result "1/2-1/2"]
[WhiteElo "2792"]
[BlackElo "2782"]
[EventDate "2016.06.08"]

1. d4 f5 2. Nc3 Nf6 3. Bg5 d5 4. e3 e6 5. Nf3 Be7 6. Bd3 O-O 7. O-O Ne4 8.
Bxe7 Qxe7 9. Ne2 c5 10. c4 dxc4 11. Bxc4 Nd6 12. Rc1 b5 13. Bd3 c4 14. Bb1
Bb7 15. Nf4 Bd5 16. Ne5 Nd7 17. Nxd5 exd5 18. f4 Nf6 19. h3 Rac8 20. Qe1
Nfe4 21. g4 b4 22. Rc2 c3 23. Rg2 Nd2 24. Rxd2 cxd2 25. Qxd2 Ne4 26. Qg2
Qe6 27. Kh2 Rc7 28. Nd3 fxg4 29. hxg4 g5 30. f5 Qd6+ 31. Ne5 Nf6 32. Kg1
Nd7 33. Nxd7 Qxd7 34. Bc2 Kg7 35. Bb3 Qe7 36. Qf3 Rd7 37. Bxd5 Rxd5 38.
Qxd5 Qxe3+ 39. Rf2 Qg3+ 40. Qg2 Qe3 41. Qd5 Qg3+ 42. Qg2 Qe3 43. Qd5
1/2-1/2